Southville International School and Colleges
Your cart is empty.
  • Cart
  • Lists
    Public lists Eva Luna New books Lux_list list_1
    Your lists Log in to create your own lists
  • Log in to your account
  • Your cookies
  • Search history
Southville International School and Colleges
  • Advanced search
  • Recent comments
  • Most popular
  • Libraries

Log in to your account

Log in with GOOGLE


If you do not have an external account, but do have a local account, you can still log in:

  1. Home
  2. MARC view: Making the most of understanding by design /
Normal view MARC view ISBD view

Making the most of understanding by design / (Record no. 12782)

[ view plain ]
MARC details
000 -LEADER
fixed length control field 00671nam a2200217 a 4500
003 - CONTROL NUMBER IDENTIFIER
control field SISC
005 - DATE AND TIME OF LATEST TRANSACTION
control field 20170227143930.0
008 - FIXED-LENGTH DATA ELEMENTS--GENERAL INFORMATION
fixed length control field 060810s19uu xx 00 eng d
020 ## - INTERNATIONAL STANDARD BOOK NUMBER
International Standard Book Number 9780871208606 (pbk)
050 ## - LIBRARY OF CONGRESS CALL NUMBER
Classification number LB 2806.15 B77 2004
Item number 14472
100 ## - MAIN ENTRY--PERSONAL NAME
Personal name Brown, John L.
245 ## - TITLE STATEMENT
Title Making the most of understanding by design /
Statement of responsibility, etc John L. Brown.
260 ## - PUBLICATION, DISTRIBUTION, ETC. (IMPRINT)
Place of publication, distribution, etc Alexandria, Va :
Name of publisher, distributor, etc ASCD,
Date of publication, distribution, etc 2004.
300 ## - PHYSICAL DESCRIPTION
Extent 205 p.
500 ## - GENERAL NOTE
General note Includes bibliographical references and index.
650 ## - SUBJECT ADDED ENTRY--TOPICAL TERM
Topical term or geographic name as entry element Curriculum planning -- United States.
650 ## - SUBJECT ADDED ENTRY--TOPICAL TERM
Topical term or geographic name as entry element Curriculum-based assessment -- United States.
650 ## - SUBJECT ADDED ENTRY--TOPICAL TERM
Topical term or geographic name as entry element Learning.
650 ## - SUBJECT ADDED ENTRY--TOPICAL TERM
Topical term or geographic name as entry element Comprehension.
942 ## - ADDED ENTRY ELEMENTS (KOHA)
Koha item type Books
Source of classification or shelving scheme Library of Congress Classification
Holdings
Withdrawn status Lost status Source of classification or shelving scheme Damaged status Home library Current library Shelving location Date acquired Source of acquisition Cost, normal purchase price Total Checkouts Full call number Barcode Date last seen Price effective from Koha item type
    Library of Congress Classification   Luxembourg Library Luxembourg Library Genevive Ledesma - Tan Section 08/10/2006 Donation 24.95   LB 2806.15 B77 2004 14472 03/31/2016 10/10/2013 Books

Making the most of understanding by design /

APA

Brown J. L., . (2004). Making the most of understanding by design. Alexandria, Va: ASCD.

Chicago

Brown John L, . 2004. Making the most of understanding by design. Alexandria, Va: ASCD.

Harvard

Brown J. L., . (2004). Making the most of understanding by design. Alexandria, Va: ASCD.

MLA

Brown John L, . Making the most of understanding by design. Alexandria, Va: ASCD. 2004.

  • Place hold
  • Print
  • Cite
  • Add to your cart (remove)
  • Save record
    BIBTEX Dublin Core MARCXML MARC (non-Unicode/MARC-8) MARC (Unicode/UTF-8) MARC (Unicode/UTF-8, Standard) MODS (XML) RIS
  • More searches
    Search for this title in:
    Other Libraries (WorldCat) Other Databases (Google Scholar) Online Stores (Bookfinder.com) Open Library (openlibrary.org)

Exporting to Dublin Core...

SOUTHVILLE LIBRARY

Southville International School and Colleges Library

1281 Tropical Ave. Cor. Luxembourg St., BF Homes International, Las Pinas City

Tel. No. 8256374 / 252358 Loc. 117/146

Powered by Koha